Cardiovascular Heart Disease Diseases of Pericardium and Cardiomyopathy (Record no. 57007)

MARC details
000 -LEADER
fixed length control field 00336nam a2200121Ia 4500
008 - FIXED-LENGTH DATA ELEMENTS--GENERAL INFORMATION
fixed length control field 220603s9999 xx 000 0 und d
082 ## - DEWEY DECIMAL CLASSIFICATION NUMBER
Item number SUN
100 ## - MAIN ENTRY--PERSONAL NAME
Personal name Sunil Kumar
9 (RLIN) 92995
245 ## - TITLE STATEMENT
Title Cardiovascular Heart Disease Diseases of Pericardium and Cardiomyopathy
260 ## - PUBLICATION, DISTRIBUTION, ETC. (IMPRINT)
Place of publication, distribution, etc. New Delhi
Name of publisher, distributor, etc. IGNOU
365 ## - TRADE PRICE
Price amount Rs.
Holdings
Withdrawn status Lost status Damaged status Not for loan Home library Current library Date acquired Vendor Cost, normal purchase price Bill number Total Checkouts Full call number Barcode Date last seen Bill Date Koha item type Original Barcode
        Smt. Bakul Tambat Institute of Nursing Education Smt. Bakul Tambat Institute of Nursing Education 01/01/1901 Saurabh Pustak Bandhani Kendra 100.00 189   SUN BV0500 BTIN-BV-500 10/08/2022 09/06/2010 Bound Volume BV000500
        Smt. Bakul Tambat Institute of Nursing Education Smt. Bakul Tambat Institute of Nursing Education 01/01/1901 Saurabh Pustak Bandhani Kendra 100.00 189   SUN BV0499 BTIN-BV-499 10/08/2022 09/06/2010 Bound Volume BV000499
        Smt. Bakul Tambat Institute of Nursing Education Smt. Bakul Tambat Institute of Nursing Education 09/06/2010 Saurabh Pustak Bandhani Kendra 100.00 189   SUN BV0498 BTIN-BV-498 10/08/2022 09/06/2010 Bound Volume BV000498